[Event "Ukraine Women`s Final - 2015					"]
[Site "Lviv"]
[Date "2015.12.10"]
[Round "5.4"]
[White "Kalinina, Olga"]
[Black "Doluhanova, Evgeniya"]
[Result "1-0"]
[WhiteElo "2350"]
[BlackElo "2301"]
[PlyCount "79"]
[EventDate "2015.12.05"]

1. e4 c5 2. Nf3 d6 3. d4 cxd4 4. Nxd4 Nf6 5. Nc3 a6 6. h3 e5 7. Nde2 Be7 8. g4
Be6 9. Bg2 Nbd7 10. O-O b5 11. Nd5 Nb6 12. b3 O-O 13. Bb2 Rc8 14. Qd3 Re8 15.
Ng3 h6 16. Rad1 Bxd5 17. exd5 Qc7 18. Rd2 Nfd7 19. f4 Nc5 20. Qc3 Qa7 21. fxe5
dxe5 22. Qf3 Bf6 23. Nh5 Bg5 24. Rdf2 f6 25. Qg3 Qf7 26. d6 Qe6 27. h4 Bf4 28.
Nxf4 exf4 29. Qxf4 Rcd8 30. Bd4 Ncd7 31. g5 fxg5 32. hxg5 Rf8 33. Qg3 Rxf2 34.
Rxf2 Qg6 35. c4 bxc4 36. bxc4 Qxg5 37. Qxg5 hxg5 38. c5 Nc8 39. Bd5+ Kh7 40.
Bf7 1-0

[Event "Ukraine Women`s Final - 2015					"]
[Site "Lviv"]
[Date "2015.12.10"]
[Round "5.5"]
[White "Dolzhykova, Kateryna"]
[Black "Hrabinska, Myroslava"]
[Result "0-1"]
[WhiteElo "2247"]
[BlackElo "2236"]
[PlyCount "126"]
[EventDate "2015.12.05"]

1. e4 c5 2. Ne2 Nc6 3. g3 d5 4. Bg2 dxe4 5. Nbc3 Nf6 6. Nxe4 Nxe4 7. Bxe4 g6 8.
Bxc6+ bxc6 9. d4 Bg4 10. c3 Bg7 11. O-O cxd4 12. cxd4 O-O 13. f3 $11 Bc8 14.
Be3 Ba6 15. Rf2 Qa5 16. Qe1 Qf5 17. Qb1 Bd3 18. Qf1 Rfd8 19. Rd1 Rd7 20. Qg2
Bxe2 21. Rxe2 Rad8 22. Red2 Qe6 23. Rd3 Qxa2 24. b4 Qxg2+ 25. Kxg2 e5 26. Rc1
exd4 27. Bg5 Rc8 28. Rc4 Rd5 29. Be7 a5 30. bxa5 Rxa5 31. Bc5 Ra2+ 32. Kh3 Rd8
33. Bb6 Rd6 34. Bc7 Re6 35. g4 h5 36. gxh5 gxh5 37. Rc5 Re3 38. Rxe3 dxe3 39.
Rxc6 e2 40. Bg3 Be5 41. Rc1 Ra1 42. Rxa1 Bxa1 43. Be1 Kh7 44. Kg2 Bd4 45. f4
Kg6 46. Kf3 Kf5 47. Bd2 Bg1 48. h3 Bh2 49. Kxe2 Bxf4 50. Be1 Ke4 51. Bh4 Bd6
52. Kf2 f5 53. Kg2 Ke3 54. Bg5+ Ke2 55. Bh6 Bc5 56. Bf4 Be3 57. Bd6 Bf2 58. Bf4
h4 59. Bg5 Be3 60. Bxh4 f4 61. Kh1 f3 62. Bg3 Bf4 63. Bh4 Bd2 0-1

[Event "Ukraine Women`s Final - 2015					"]
[Site "Lviv"]
[Date "2015.12.11"]
[Round "6.1"]
[White "Soloviova, Liza"]
[Black "Hrabinska, Myroslava"]
[Result "1/2-1/2"]
[WhiteElo "2315"]
[BlackElo "2236"]
[PlyCount "123"]
[EventDate "2015.12.05"]

1. d4 d5 2. c3 Nf6 3. Bg5 c6 4. Bxf6 exf6 5. Qc2 Bd6 6. e3 f5 7. Bd3 g6 8. Nf3
Nd7 9. c4 dxc4 10. Bxc4 O-O 11. a4 Nb6 12. Bb3 Nd5 13. Bxd5 Bb4+ 14. Nc3 Qxd5
15. O-O Qa5 16. Rfd1 Be6 17. Ng5 Bd5 18. f3 f6 19. Nh3 Rad8 20. Nf4 Bf7 21. h4
Rfe8 22. e4 fxe4 23. fxe4 Qb6 24. Nce2 Bd6 25. Rf1 Be5 26. Nd3 Bxd4+ 27. Nxd4
Rxd4 28. a5 Qd8 29. Nf2 Rd2 30. Qc3 Qd4 31. Qf3 Be6 32. b4 f5 33. Rae1 Bc4 34.
exf5 Rf8 35. Re4 Qd5 36. Rfe1 Bd3 37. Re7 Qd4 38. Re8 Bxf5 39. Rxf8+ Kxf8 40.
g4 Rxf2 41. Qxf2 Qxg4+ 42. Kh2 Qxb4 43. Re5 Kg7 44. a6 bxa6 45. Qxa7+ Kf6 46.
Re3 Qxh4+ 47. Kg1 Qg4+ 48. Kf2 Qf4+ 49. Rf3 Qd2+ 50. Kg3 h5 51. Rf2 h4+ 52. Kh2
Qd6+ 53. Kg1 c5 54. Qa8 h3 55. Qf3 Qd4 56. Qa8 h2+ 57. Kh1 Kg5 58. Rg2+ Bg4 59.
Kxh2 c4 60. Qxa6 Qe5+ 61. Kg1 Qe1+ 62. Kh2 1/2-1/2

[Event "Ukraine Women`s Final - 2015					"]
[Site "Lviv"]
[Date "2015.12.11"]
[Round "6.2"]
[White "Doluhanova, Evgeniya"]
[Black "Dolzhykova, Kateryna"]
[Result "1/2-1/2"]
[WhiteElo "2301"]
[BlackElo "2247"]
[PlyCount "82"]
[EventDate "2015.12.05"]

1. e4 c5 2. Be2 Nc6 3. d3 g6 4. f4 Bg7 5. Nf3 d6 6. c3 e6 7. O-O Nge7 8. Na3
O-O 9. Be3 b6 10. Qe1 Bb7 11. Rd1 d5 12. Bc1 a6 13. Qh4 b5 14. Nc2 Qb6 15. Ne3
c4 16. Kh1 cxd3 17. Bxd3 dxe4 18. Ng5 h6 19. Nxe4 Nf5 20. Qf2 Rad8 21. Nxf5
Qxf2 22. Nxh6+ Bxh6 23. Nxf2 e5 24. Be4 Bxf4 25. Bxf4 exf4 26. Nd3 Rfe8 27. Nc5
Rxd1 28. Rxd1 Ba8 29. Kg1 Ne5 30. Bxa8 Rxa8 31. Rd5 Re8 32. h3 Nc4 33. b3 Ne3
34. Rd2 Nf5 35. Kf2 Ng3 36. Rc2 Re3 37. a4 g5 38. Nxa6 bxa4 39. bxa4 Ne4+ 40.
Kf1 Ng3+ 41. Kf2 Ne4+ $11 1/2-1/2

[Event "Ukraine Women`s Final - 2015					"]
[Site "Lviv"]
[Date "2015.12.11"]
[Round "6.3"]
[White "Gaponenko, Inna"]
[Black "Kalinina, Olga"]
[Result "1/2-1/2"]
[WhiteElo "2403"]
[BlackElo "2350"]
[PlyCount "76"]
[EventDate "2015.12.05"]

1. e4 c5 2. Nf3 e6 3. g3 b6 4. Bg2 Bb7 5. Qe2 d6 6. d4 cxd4 7. Nxd4 a6 8. O-O
Qc7 9. c4 Be7 10. Be3 Nf6 11. Nd2 O-O 12. f4 Nc6 13. Nc2 Rfe8 14. Rac1 Nd7 15.
b4 a5 16. a3 axb4 17. axb4 Ra4 18. Ra1 Rea8 19. Rxa4 Rxa4 20. Rb1 d5 21. exd5
Nxb4 22. Nxb4 Rxb4 23. Rxb4 Bxb4 24. dxe6 fxe6 25. Bxb7 Qxb7 26. Bf2 Qc6 27.
Nf3 Bc5 28. Ng5 Bxf2+ 29. Kxf2 Nf8 30. h4 h6 31. Nf3 Qd6 32. Qe5 Qd3 33. Qe3
Qxc4 34. Qxb6 Qc2+ 35. Kg1 Qd1+ 36. Kf2 Qc2+ 37. Kg1 Qd1+ 38. Kf2 Qc2+ $11
1/2-1/2

[Event "Ukraine Women`s Final - 2015					"]
[Site "Lviv"]
[Date "2015.12.11"]
[Round "6.4"]
[White "Buksa, Nataliya"]
[Black "Osmak, Iulija"]
[Result "1-0"]
[WhiteElo "2287"]
[BlackElo "2334"]
[PlyCount "125"]
[EventDate "2015.12.05"]

1. e4 d6 2. d4 Nf6 3. Nc3 e5 4. Nf3 Nbd7 5. Bc4 Be7 6. O-O O-O 7. Re1 c6 8. a4
exd4 9. Nxd4 Ne5 10. Bf1 Re8 11. h3 Bf8 12. Bg5 a5 13. Qd2 Ng6 14. Bd3 h6 15.
Be3 Ne5 16. Bf1 Ned7 17. Bf4 Nc5 18. e5 dxe5 19. Rxe5 Ne6 20. Nxe6 Qxd2 21.
Bxd2 Bxe6 22. Ree1 Bf5 23. Rxe8 Nxe8 24. Re1 Nf6 25. Be3 Bb4 26. Bc4 Bd7 27.
Bb6 Bxc3 28. bxc3 Nd5 29. Bd4 Nc7 30. Rd1 Be6 31. Be2 Bf5 32. Bd3 Bxd3 33. cxd3
b5 34. Ra1 Ne6 35. Be3 f5 36. g3 Kf7 37. Kf1 Ke7 38. Rb1 bxa4 39. Ra1 Kd6 40.
Rxa4 Ra6 41. Ke2 c5 $11 42. Kf3 g5 43. Ke2 h5 44. h4 g4 45. Bd2 c4 46. dxc4 Nc5
47. Ra3 a4 48. Be3 Nd7 49. Bd4 Ne5 50. c5+ Kd5 51. Bxe5 Kxe5 52. Ke3 f4+ 53.
gxf4+ Kf5 54. c4 Re6+ 55. Kd4 Kxf4 56. Kd5 Re5+ 57. Kd6 Re2 58. c6 Rd2+ 59. Kc5
Rxf2 60. c7 Rf3 61. Ra2 Kg3 62. c8=Q Kxh4 63. Qd8+ 1-0

[Event "Ukraine Women`s Final - 2015					"]
[Site "Lviv"]
[Date "2015.12.11"]
[Round "6.5"]
[White "Rakhmangulova, Anastasiya"]
[Black "Gutsko, Anastasia"]
[Result "1-0"]
[WhiteElo "2234"]
[BlackElo "2177"]
[PlyCount "153"]
[EventDate "2015.12.05"]

1. e4 c6 2. d4 d5 3. exd5 cxd5 4. Bd3 Nc6 5. c3 Qc7 6. Ne2 Bg4 7. O-O Nf6 8.
Qe1 e6 9. f3 Bh5 10. Qh4 h6 11. Ng3 Bg6 12. Bxg6 fxg6 13. Qh3 Kf7 14. Ne2 Bd6
15. Na3 a6 16. Nc2 Rhe8 17. f4 Ne4 18. Ne1 Kg8 19. Nf3 Qd7 20. Ng3 Nxg3 21.
hxg3 Rf8 22. Bd2 Rae8 23. Rae1 Bb8 24. Re2 Nd8 25. Rfe1 b5 26. Nh2 Kh7 27. Ng4
Rf5 28. Nf2 Rf6 29. Nd3 Bd6 30. g4 Rf7 31. g3 Rh8 32. Rh2 Kg8 33. Qg2 Qc7 34.
g5 h5 35. Qe2 Rf5 36. Kg2 Kf8 37. Reh1 Rg8 38. b3 Ke7 39. Ne1 Kd7 40. Nf3 Kc8
41. Nh4 Qf7 42. a4 Qe8 43. axb5 axb5 44. Nxf5 exf5 45. Re1 Qxe2+ 46. Rxe2 Kd7
47. Rh1 Nc6 48. Ra1 Rb8 49. Be3 Bc7 50. Rea2 Re8 51. Kf3 Bb6 52. Ra8 Re7 53.
Rd1 Ba5 54. c4 bxc4 55. bxc4 Bc7 56. Rb1 Na5 57. cxd5 Nc4 58. Bc1 Re1 59. Kf2
Re7 60. Ba3 Nxa3 61. Rxa3 h4 62. Re3 hxg3+ 63. Kf3 Rxe3+ 64. Kxe3 g2 65. Rg1
Kd6 66. Rxg2 Kxd5 67. Rb2 Kc6 68. Rc2+ Kd6 69. Rxc7 Kxc7 70. d5 Kd7 71. Kd4 Kc7
72. Kc4 Kd7 73. Kc5 Kc7 74. d6+ Kd8 75. Kd5 Kd7 76. Ke5 Kd8 77. Ke6 1-0

[Event "Ukraine Women`s Final - 2015					"]
[Site "Lviv"]
[Date "2015.12.12"]
[Round "7.1"]
[White "Gutsko, Anastasia"]
[Black "Soloviova, Liza"]
[Result "1/2-1/2"]
[WhiteElo "2177"]
[BlackElo "2315"]
[PlyCount "160"]
[EventDate "2015.12.05"]

1. e4 e6 2. d4 d5 3. exd5 exd5 4. Bd3 Bd6 5. Nf3 Ne7 6. O-O Bf5 7. Re1 Bxd3 8.
Qxd3 O-O 9. Ng5 Ng6 10. h4 Re8 11. Rxe8+ Qxe8 12. Be3 h6 13. h5 Nf8 14. Nf3
Nbd7 15. Nh4 c6 16. Nf5 Bc7 17. f3 Ne6 18. Qd2 Ng5 19. Bxg5 hxg5 20. Nc3 Bf4
21. Qe2 g6 22. hxg6 fxg6 23. Nh6+ Kg7 24. Ng4 Bg3 25. Qd2 Qe7 26. Ne2 Bd6 27.
Qe3 Qxe3+ 28. Nxe3 Re8 29. Kf2 Nf6 30. c3 Rh8 31. Re1 Rh4 32. g3 Rh2+ 33. Kg1
Rh8 34. Kg2 Re8 35. Kf2 Nh5 36. Rg1 Nf6 37. Rh1 a5 38. a4 b5 39. Ra1 Rb8 40.
axb5 Rxb5 41. Ra2 Kf8 42. Nc1 Nh5 43. Ne2 $11 Ke7 44. Ng4 Ke6 45. Kg2 Ng7 46.
Nf2 Nf5 47. Nd3 Ne3+ 48. Kf2 Nc4 49. Nec1 Nb6 50. Ne2 a4 51. Ra1 Kf6 52. Kg2
Kf5 53. g4+ Kf6 54. Kf2 Ra5 55. b3 a3 56. Ra2 Ra8 57. Nc5 Bxc5 58. dxc5 Nd7 59.
b4 Ne5 60. Nd4 Ra6 61. Ke2 Nc4 62. Kd3 Ke5 63. Ne2 Ke6 64. Nd4+ Kd7 65. Kc2 Ra8
66. Kb3 Rh8 67. Nc2 Nd2+ 68. Kxa3 Ra8+ 69. Kb2 Rxa2+ 70. Kxa2 Nxf3 71. Kb3 Nd2+
72. Ka4 Ne4 73. Kb3 Nf6 74. Ne3 Ke6 75. Kc2 Nd7 76. Kd3 Ne5+ 77. Kd4 Nf3+ 78.
Kd3 Ne5+ 79. Kd4 Nf3+ 80. Kd3 Ne5+ 1/2-1/2

[Event "Ukraine Women`s Final - 2015					"]
[Site "Lviv"]
[Date "2015.12.12"]
[Round "7.2"]
[White "Osmak, Iulija"]
[Black "Rakhmangulova, Anastasiya"]
[Result "0-1"]
[WhiteElo "2334"]
[BlackElo "2234"]
[PlyCount "26"]
[EventDate "2015.12.05"]

1. e4 e5 2. Nf3 Nc6 3. Bb5 f5 4. d3 fxe4 5. dxe4 Nf6 6. O-O Bc5 7. Bxc6 bxc6 8.
Nxe5 O-O 9. Nd2 Ba6 10. Nd3 Bb6 11. Kh1 Qe8 12. f3 Nh5 13. Re1 Ng3+ 0-1

[Event "Ukraine Women`s Final - 2015					"]
[Site "Lviv"]
[Date "2015.12.12"]
[Round "7.3"]
[White "Kalinina, Olga"]
[Black "Buksa, Nataliya"]
[Result "1-0"]
[WhiteElo "2350"]
[BlackElo "2287"]
[PlyCount "83"]
[EventDate "2015.12.05"]

1. e4 c5 2. Nf3 e6 3. d4 cxd4 4. Nxd4 Nf6 5. Nc3 d6 6. Be3 Be7 7. Be2 O-O 8.
Qd2 Nc6 9. f4 e5 10. Nb3 exf4 11. Bxf4 Be6 12. O-O-O Ne5 13. Nd4 a6 14. Nf5
Bxf5 15. exf5 b5 16. Qd4 Qc7 17. g4 h6 18. h4 Nexg4 19. Bxg4 Nxg4 20. Nd5 Qb7
21. Nxe7+ Qxe7 22. Bxd6 Qe3+ 23. Qxe3 Nxe3 24. Bxf8 Kxf8 25. Rd7 h5 26. f6 gxf6
27. b3 Kg7 28. Kd2 Ng4 29. Rd5 Kg6 30. c4 bxc4 31. bxc4 Ne5 32. c5 Rc8 33. Rc1
Rc6 34. Rf1 Ng4 35. Kd3 Rc8 36. Kd4 a5 37. Rd6 Rb8 38. c6 Rb2 39. Rc1 Rb4+ 40.
Rc4 Rb6 41. Kc5 Rb8 42. c7 1-0

[Event "Ukraine Women`s Final - 2015					"]
[Site "Lviv"]
[Date "2015.12.12"]
[Round "7.4"]
[White "Dolzhykova, Kateryna"]
[Black "Gaponenko, Inna"]
[Result "0-1"]
[WhiteElo "2247"]
[BlackElo "2403"]
[PlyCount "75"]
[EventDate "2015.12.05"]

1. e4 c5 2. Nf3 e6 3. c4 Nc6 4. Nc3 Nge7 5. Be2 Nd4 6. Nxd4 cxd4 7. Nb5 Nc6 8.
O-O e5 9. d3 a6 10. Na3 Be7 11. f4 $11 exf4 12. Bxf4 O-O 13. Nc2 b5 14. Qe1 d6
15. Qg3 Bh4 16. Qf3 Be6 17. cxb5 axb5 18. Qh5 Ne5 19. Bxe5 g6 20. Bf6 Bxf6 21.
Qxb5 Rb8 22. Qa4 Rxb2 23. Bd1 Be5 24. Rf2 Qb6 25. Bf3 Qb7 26. Qa5 Rc8 27. Bd1
Rc3 28. Qd8+ Kg7 29. h4 h6 30. h5 g5 31. a4 Qa7 32. Na3 Rb8 33. Nb5 Rxb5 34.
axb5 Qxa1 35. b6 Qxd1+ 36. Rf1 Bh2+ 37. Kxh2 Qxf1 38. Qxd6 0-1

[Event "Ukraine Women`s Final - 2015					"]
[Site "Lviv"]
[Date "2015.12.12"]
[Round "7.5"]
[White "Hrabinska, Myroslava"]
[Black "Doluhanova, Evgeniya"]
[Result "0-1"]
[WhiteElo "2236"]
[BlackElo "2301"]
[PlyCount "80"]
[EventDate "2015.12.05"]

1. e4 c5 2. Nc3 d6 3. g3 g6 4. Bg2 Bg7 5. Nge2 Nf6 6. O-O O-O 7. h3 Nc6 8. d3
Rb8 9. Be3 b5 10. a3 a5 11. d4 Nd7 12. a4 bxa4 13. Nxa4 Ba6 14. c3 cxd4 15.
Nxd4 Nxd4 16. Bxd4 Bxf1 17. Bxf1 Bxd4 18. Qxd4 Qc7 19. Kg2 Nc5 20. Qc4 Rfc8 21.
b4 axb4 22. cxb4 Ne6 23. Qxc7 Nxc7 24. Nc3 Rxb4 25. Ra3 e6 26. Kf3 Ra8 27.
Rxa8+ Nxa8 28. Nb5 Rb3+ 29. Kf4 e5+ 30. Kg4 h5+ 31. Kg5 Kg7 32. Nxd6 Nc7 33.
Bc4 Rf3 34. Nxf7 Rxf7 35. Bxf7 Kxf7 36. Kh6 Ne6 37. f3 Kf6 38. h4 Nd4 39. f4
Ne2 40. fxe5+ Kxe5 0-1

[Event "Ukraine Women`s Final - 2015					"]
[Site "Lviv"]
[Date "2015.12.13"]
[Round "8.1"]
[White "Soloviova, Liza"]
[Black "Doluhanova, Evgeniya"]
[Result "1-0"]
[WhiteElo "2315"]
[BlackElo "2301"]
[PlyCount "79"]
[EventDate "2015.12.05"]

1. e4 c5 2. Nf3 d6 3. Bb5+ Nd7 4. d4 cxd4 5. Qxd4 a6 6. Be2 Ngf6 7. Nc3 e5 8.
Qd1 Be7 9. Bg5 O-O 10. O-O h6 11. Bh4 b5 12. Nd2 Bb7 13. f3 Rc8 14. Bf2 Qc7 15.
Rc1 Rfd8 16. Qe1 Nc5 17. Nb3 Ne6 18. a4 b4 19. Na2 d5 20. Nxb4 Bxb4 21. Qxb4
dxe4 22. fxe4 Nxe4 23. Bf3 N6g5 24. Bg4 Nxf2 25. Bxc8 Qxc8 26. Rxf2 Ne4 27. Rf3
Ba8 28. c4 Qg4 29. Qe7 Rf8 30. Qxe5 f6 31. Qf5 Qh4 32. Rf4 Qg5 33. Qe6+ Kh8 34.
Rxe4 Bxe4 35. Qxe4 Rb8 36. Rc3 f5 37. Qe2 f4 38. c5 Rxb3 39. Rxb3 Qxc5+ 40. Qf2
1-0

[Event "Ukraine Women`s Final - 2015					"]
[Site "Lviv"]
[Date "2015.12.13"]
[Round "8.2"]
[White "Gaponenko, Inna"]
[Black "Hrabinska, Myroslava"]
[Result "1-0"]
[WhiteElo "2403"]
[BlackElo "2236"]
[PlyCount "125"]
[EventDate "2015.12.05"]

1. e4 c5 2. Nf3 e6 3. d4 cxd4 4. Nxd4 Bc5 5. Nb3 Bb6 6. Nc3 Ne7 7. Bf4 O-O 8.
Bd6 Bc7 9. Qd2 Bxd6 10. Qxd6 f5 11. f3 fxe4 12. fxe4 Ng6 13. O-O-O Nc6 14. Kb1
Nge5 15. Bb5 Nf7 16. Qg3 Nce5 17. Rhf1 d6 18. Nc5 b6 19. Nd3 Bb7 20. Ba4 Nc4
21. Bb3 Rc8 22. Bxc4 Rxc4 23. e5 Qh4 24. exd6 Qxg3 25. hxg3 Nxd6 26. Rxf8+ Kxf8
27. Ne5 Rxc3 28. bxc3 Ke7 29. Rd2 Bd5 30. c4 Nxc4 31. Nxc4 Bxc4 32. Kb2 Bd5 33.
a3 h5 34. Kc3 Kd6 35. Kb4 Kc6 36. c4 Be4 37. Kc3 a5 38. Re2 Bf5 39. Re5 g6 40.
Kd4 Bg4 41. a4 Bf5 42. c5 b5 43. axb5+ Kxb5 44. Re2 Kc6 45. Kc4 g5 46. Rd2 Kc7
47. Ra2 Be4 48. Kb5 Bd5 49. Re2 h4 50. gxh4 gxh4 51. Kxa5 e5 52. Kb5 e4 53. Re3
Kb7 54. Rh3 e3 55. Rxh4 Bxg2 56. Rh7+ Kc8 57. Re7 e2 58. Kb6 Bf3 59. c6 Kd8 60.
Re3 Bh5 61. c7+ Kd7 62. Kb7 Bf3+ 63. Kb8 1-0

[Event "Ukraine Women`s Final - 2015					"]
[Site "Lviv"]
[Date "2015.12.13"]
[Round "8.3"]
[White "Buksa, Nataliya"]
[Black "Dolzhykova, Kateryna"]
[Result "1/2-1/2"]
[WhiteElo "2287"]
[BlackElo "2247"]
[PlyCount "128"]
[EventDate "2015.12.05"]

1. e4 c5 2. Nf3 d6 3. d4 cxd4 4. Nxd4 Nf6 5. Nc3 g6 6. Be3 Bg7 7. f3 Nc6 8. Bc4
O-O 9. Qd2 Bd7 10. g4 Rb8 11. Be2 b5 12. Nxc6 Bxc6 13. Bxa7 b4 14. Nd1 Rb7 15.
Bf2 Qa5 16. O-O d5 17. e5 Nd7 18. f4 Nc5 19. Bd4 Ne4 20. Qe3 Rc8 21. Nf2 Nxf2
22. Rxf2 Ba4 23. Bd3 Bb5 24. Bxb5 Qxb5 25. f5 Rbc7 26. c3 bxc3 27. bxc3 Qa4 28.
h4 Qa3 29. Rc1 Rc4 30. Rcc2 Qa4 31. Qd3 e6 32. h5 Rb8 33. hxg6 Rb1+ 34. Kh2
fxg6 35. f6 Bf8 36. f7+ Kh8 37. Qf3 h6 38. Qf6+ Kh7 39. Qxe6 Rxd4 40. cxd4 Qxd4
41. Rce2 Qd1 42. Rg2 Qh1+ 43. Kg3 Rc1 44. Qxd5 Rc3+ 45. Kf4 Qb1 46. Qe4 Qc1+
47. Re3 Rc4 48. Kf3 Rxe4 49. Rxe4 Qf1+ 50. Rf2 Qd3+ 51. Re3 Qd5+ 52. Kg3 Qe6
53. Ree2 Kg7 54. Rf3 h5 55. gxh5 gxh5 56. Kh2 Kh7 57. Rf4 Qh6 58. Rf3 Qa6 59.
Rff2 Qc4 60. e6 Bd6+ 61. Kg2 Qh4 62. Kg1 Qg3+ 63. Kh1 Qh3+ 64. Kg1 Qg3+ $11
1/2-1/2

[Event "Ukraine Women`s Final - 2015					"]
[Site "Lviv"]
[Date "2015.12.13"]
[Round "8.4"]
[White "Rakhmangulova, Anastasiya"]
[Black "Kalinina, Olga"]
[Result "1/2-1/2"]
[WhiteElo "2234"]
[BlackElo "2350"]
[PlyCount "139"]
[EventDate "2015.12.05"]

1. e4 c5 2. Nf3 e6 3. d4 cxd4 4. Nxd4 a6 5. Bd3 Qc7 6. O-O Nf6 7. Qe2 d6 8. c4
g6 9. Nc3 Bg7 10. Rd1 O-O 11. Bg5 Nfd7 12. Nf3 Bxc3 13. bxc3 f6 14. Bh6 Rf7 15.
Nd4 Nc5 16. Bc2 e5 17. Nb3 Be6 18. Nd2 Ncd7 19. Nf1 Nc5 20. f4 exf4 21. Bxf4
Rd7 22. Qd2 Nc6 23. Bxd6 Qa5 24. Qf2 Na4 25. Qxf6 Re8 26. Ne3 Rf7 27. Qh4 Nxc3
28. Re1 Nd4 29. Bb3 g5 30. Qh6 Nxe4 31. c5 Nxb3 32. axb3 Qd2 33. Rad1 Qf2+ 34.
Kh1 Rf6 35. Qh5 Bf7 36. Qh3 h5 37. Bg3 Nxg3+ 38. Qxg3 Qxg3 39. hxg3 Rfe6 40.
Rd3 a5 41. Kg1 b6 42. Kf2 bxc5 43. Ra1 Rf6+ 44. Kg1 Rfe6 45. Kf2 Rf6+ 46. Kg1
Ra6 47. Rc3 Re4 48. Kf2 Re5 49. Nc4 Bxc4 50. Rxc4 Rf6+ 51. Kg1 Kg7 52. Rca4 Re3
53. g4 Rxb3 54. gxh5 Rc3 55. Rxa5 Kh6 56. Rd1 Rf5 57. Ra4 c4 58. Rd4 Rf4 59.
Rxf4 gxf4 60. Ra5 Rc2 61. Rf5 c3 62. Rxf4 Rd2 63. Rc4 c2 64. Kh2 Kxh5 65. Kg3
Kg5 66. Kf3 Kf5 67. Ke3 Rxg2 68. Kd3 Ke5 69. Rxc2 Rxc2 70. Kxc2 1/2-1/2

[Event "Ukraine Women`s Final - 2015					"]
[Site "Lviv"]
[Date "2015.12.13"]
[Round "8.5"]
[White "Gutsko, Anastasia"]
[Black "Osmak, Iulija"]
[Result "0-1"]
[WhiteElo "2177"]
[BlackElo "2334"]
[PlyCount "140"]
[EventDate "2015.12.05"]

1. e4 Nc6 2. Nf3 d6 3. d4 Bg4 4. Bb5 a6 5. Ba4 b5 6. Bb3 Nf6 7. c3 e6 8. Bc2
Be7 9. O-O O-O 10. Be3 Na5 11. Nbd2 c5 12. Qe2 Rc8 13. dxc5 dxc5 14. a4 c4 15.
axb5 axb5 16. h3 Bh5 17. g4 Bg6 18. Nd4 e5 19. Nf5 Bxf5 20. exf5 Qc7 21. g5 Nd5
22. f6 Nxf6 23. gxf6 Bxf6 24. Ne4 Be7 25. Ng3 g6 26. Bh6 Rfe8 27. Qg4 Kh8 28.
Rfd1 Rcd8 29. Nf5 Bf8 30. Bxf8 Rxf8 31. Ne3 f5 32. Qg5 Nc6 33. Rxd8 Qxd8 34.
Qxd8 Rxd8 35. Ra6 Ne7 36. Re6 Nd5 37. Ng2 e4 38. Kf1 b4 39. cxb4 Nxb4 40. Ba4
Rd2 41. Ne3 Nd3 42. Nd1 Nc5 43. Re8+ Kg7 44. Ke1 Rd3 45. Bb5 Rxh3 46. Bxc4 h5
47. Rg8+ Kh7 48. Rc8 Nb3 49. Bxb3 Rxb3 50. Rc3 Rb7 51. Kd2 Kh6 52. Kc2 h4 53.
Rh3 Kh5 54. Nc3 g5 55. Nd5 Kg4 56. Rh2 Kf3 57. Ne3 f4 58. Nf5 $11 Ke2 59. Nh6
Rc7+ 60. Kb3 Kf3 61. Nf5 h3 62. Kb4 Rd7 63. Kc4 Rh7 64. Kd5 e3 65. Nd4+ Kg4 66.
Ke4 exf2 67. Rh1 Kg3 68. Ne2+ Kg2 69. Rd1 Re7+ 70. Kd3 Rd7+ 0-1

[Event "Ukraine Women`s Final - 2015					"]
[Site "Lviv"]
[Date "2020.12.14"]
[Round "9.1"]
[White "Osmak, Iulija"]
[Black "Soloviova, Liza"]
[Result "1-0"]
[WhiteElo "2334"]
[BlackElo "2315"]
[PlyCount "117"]
[EventDate "2015.12.05"]

1. e4 e5 2. Nf3 Nc6 3. Bb5 a6 4. Ba4 Nf6 5. Qe2 Qe7 6. c3 g6 7. O-O Bg7 8. Re1
O-O 9. d4 b5 10. Bc2 d6 11. a4 Rb8 12. axb5 axb5 13. d5 Nd8 14. Ra7 Ne8 15. Na3
$11 b4 16. cxb4 Rxb4 17. Nd2 f5 18. f3 f4 19. Nb5 g5 20. b3 h5 21. Ba3 Rxb5 22.
Qxb5 g4 23. Qe2 Nf7 24. Bd3 Qh4 25. Ba6 Bd7 26. Rc1 Ng5 27. Bb5 g3 28. Nf1
gxh2+ 29. Nxh2 Bxb5 30. Qxb5 Qg3 31. Qe2 Nh3+ 32. Kh1 Nf2+ 33. Kg1 Nh3+ 34. Kf1
Rf6 35. gxh3 Rg6 36. Ng4 hxg4 37. hxg4 Rh6 38. Qg2 Rh2 39. Qxg3 fxg3 40. g5 Bf8
41. Rc3 Kf7 42. Bc1 Be7 43. Ra8 Ng7 44. Rxc7 Nh5 45. Be3 Rh1+ 46. Bg1 Nf4 47.
Raa7 Ng6 48. Kg2 Rh5 49. Be3 Rh2+ 50. Kxg3 Re2 51. Bc1 Ke8 52. b4 Re1 53. b5
Bd8 54. Rg7 Nf8 55. Bd2 Rg1+ 56. Kh2 Rd1 57. Ba5 Bxa5 58. Rxa5 Rd2+ 59. Kg3 1-0

[Event "Ukraine Women`s Final - 2015					"]
[Site "Lviv"]
[Date "2020.12.14"]
[Round "9.2"]
[White "Kalinina, Olga"]
[Black "Gutsko, Anastasia"]
[Result "0-1"]
[WhiteElo "2350"]
[BlackElo "2177"]
[PlyCount "134"]
[EventDate "2015.12.05"]

1. e4 c6 2. d4 d5 3. Nc3 dxe4 4. Nxe4 Nd7 5. Ng5 Ngf6 6. Bd3 e6 7. N1f3 h6 8.
Nxe6 Qe7 9. O-O fxe6 10. Bg6+ Kd8 11. Bf4 Ne8 12. Bg3 Qb4 13. Qe2 Nc7 14. c3
Qa5 15. c4 Be7 16. d5 cxd5 17. cxd5 Nxd5 18. Rfd1 Qa6 19. Qe4 N7f6 20. Qe5 Bd7
21. Rac1 Qb6 22. Nd4 Bc5 23. Nf3 Bxf2+ 24. Bxf2 Qxf2+ 25. Kxf2 Ng4+ 26. Kg3
Nxe5 27. Nxe5 Ke7 28. Be4 Rhc8 29. Rb1 Bc6 30. Ng6+ Kd6 31. b4 a6 32. Rd4 Kc7
33. Rf1 Nf6 34. Bc2 Rd8 35. Rc4 Rd2 36. Nh4 Kb6 37. Nf3 Re2 38. a4 Bd5 39. Rc3
Ne4+ 40. Bxe4 Bxe4 41. a5+ Ka7 42. Rc7 Rb2 43. Rxg7 Rxb4 44. Rg4 h5 45. Rg7 Rh8
46. h4 Ra4 47. Ne5 Rxa5 48. Nf7 Rf8 49. Re1 Bd5 50. Re2 Ra2 51. Rxa2 Bxa2 52.
Nd6 Bd5 53. Rg5 Rh8 54. Kf4 b5 55. Ke5 b4 56. Kd4 Kb6 57. g4 hxg4 58. Rxg4 a5
59. Nf7 Rh5 60. Nd6 a4 61. Rg8 Rxh4+ 62. Ke5 a3 63. Rb8+ Ka5 64. Rb5+ Ka4 65.
Rb6 a2 66. Ra6+ Kb3 67. Nb5 Kb2 0-1

[Event "Ukraine Women`s Final - 2015					"]
[Site "Lviv"]
[Date "2020.12.14"]
[Round "9.3"]
[White "Dolzhykova, Kateryna"]
[Black "Rakhmangulova, Anastasiya"]
[Result "1/2-1/2"]
[WhiteElo "2247"]
[BlackElo "2234"]
[PlyCount "114"]
[EventDate "2015.12.05"]

1. e4 d5 2. exd5 Qxd5 3. Nc3 Qd6 4. d4 Nf6 5. Nf3 g6 6. Bg5 Bg7 7. Qd2 O-O 8.
Bh6 Nc6 9. O-O-O Bg4 10. Be2 Rad8 11. Bxg7 Kxg7 12. Qe3 Nb4 13. h3 Bf5 14. Ne1
Nfd5 15. Nxd5 Qxd5 16. a3 Nc6 17. c4 Qe6 18. g4 Qxe3+ 19. fxe3 Be4 20. Bf3 f5
21. gxf5 Bxf3 22. Nxf3 Rxf5 23. Rdf1 Rdf8 24. Nd2 Rxf1+ 25. Rxf1 Rxf1+ 26. Nxf1
Kh6 27. Nd2 Kh5 28. Nf3 Na5 29. c5 Nc4 30. e4 g5 31. Kc2 g4 32. hxg4+ Kxg4 33.
Ng1 h5 34. Kc3 Ne3 35. Kd3 Ng2 36. d5 h4 37. Kd4 Nf4 38. e5 c6 39. d6 Ne6+ 40.
Ke3 exd6 41. cxd6 h3 42. Nf3 Kf5 43. b4 b6 44. a4 c5 45. bxc5 bxc5 46. Kd3 Kf4
47. Ke2 c4 48. d7 Nd8 49. Kf2 c3 50. e6 Nxe6 51. Nd4 Nd8 52. Ne2+ Ke4 53. Nxc3+
Kd3 54. Nb5 a5 55. Kg3 Kc4 56. Kxh3 Kb4 57. Nd6 Kxa4 $11 1/2-1/2

[Event "Ukraine Women`s Final - 2015					"]
[Site "Lviv"]
[Date "2020.12.14"]
[Round "9.4"]
[White "Hrabinska, Myroslava"]
[Black "Buksa, Nataliya"]
[Result "0-1"]
[WhiteElo "2236"]
[BlackElo "2287"]
[PlyCount "100"]
[EventDate "2015.12.05"]

1. d4 Nf6 2. Nf3 g6 3. Bf4 Bg7 4. e3 d5 5. Nbd2 O-O 6. Be2 c5 7. c3 Nh5 8. Bg5
h6 9. Bh4 g5 10. Bg3 Nxg3 11. hxg3 Bf5 12. Ne5 cxd4 13. exd4 Nc6 14. Ndf3 Qd6
15. Bd3 Bxd3 16. Nxd3 b5 17. Kf1 b4 18. Nxb4 Nxb4 19. cxb4 Qxb4 20. b3 Rfc8 21.
Ne5 Qc3 22. Rb1 a5 23. Rxh6 Bxh6 24. Qh5 Ra6 25. Qxf7+ Kh8 26. Re1 Qc2 27. Qxe7
Qh7 28. Nf7+ Kg8 29. Qd7 Rf8 30. Nxh6+ Rxh6 31. Qxd5+ Kh8 32. Re4 Qf5 33. Qxf5
Rxf5 34. g4 Rf4 35. Re5 Rxd4 36. Rxa5 Rxg4 37. f3 Rd4 38. Rxg5 Rd2 39. Kg1 Rxa2
40. f4 Rb6 41. Kh2 Rxb3 42. Rg6 Rf2 43. Rg4 Kh7 44. Kg1 Ra2 45. Kh2 Kh6 46. Rg8
Rf2 47. Rg4 Kh7 48. Kg1 Rc2 49. Kh2 Kh8 50. Rg5 Rb7 0-1

[Event "Ukraine Women`s Final - 2015					"]
[Site "Lviv"]
[Date "2020.12.14"]
[Round "9.5"]
[White "Doluhanova, Evgeniya"]
[Black "Gaponenko, Inna"]
[Result "1/2-1/2"]
[WhiteElo "2301"]
[BlackElo "2403"]
[PlyCount "53"]
[EventDate "2015.12.05"]

1. e4 c5 2. Be2 Nc6 3. d3 g6 4. f4 Bg7 5. Nf3 d6 6. O-O e5 7. Nc3 Nge7 8. Nd5
O-O 9. Nxe7+ Qxe7 10. fxe5 dxe5 11. Bg5 f6 12. Be3 Be6 13. c3 Rfd8 14. Qe1 Rd7
15. Qf2 b6 16. a3 Rc8 17. b4 cxb4 18. axb4 Nd8 19. d4 Rxc3 20. Bb5 Rdc7 21.
dxe5 fxe5 22. Bd2 Rc2 23. Ne1 Rb2 24. Nd3 Rbc2 25. Ne1 Rb2 26. Nd3 Rbc2 27. Ne1
$11 1/2-1/2